000 00343nam a2200169Ia 4500
001 1805
003 GE_BSU
008 181216s||||||||xx |||||||||||||| ||und||
040 _cGE_BSU
245 _aKars. Gezi Rehberi.
260 _c2010
300 _a80 c. 20.
541 _h3 L.
653 _a.
653 _aKars. Gezi Rehberi
942 _cBK
999 _c35909
_d35909